Sabhashyatattvarthadhigamasutra (Record no. 1402088)

MARC details
000 -LEADER
fixed length control field 00760nam a2200289Ia 4500
008 - FIXED-LENGTH DATA ELEMENTS--GENERAL INFORMATION
fixed length control field 161027s9999||||xx |||||||||||||| ||und||
040 ## - CATALOGING SOURCE
Transcribing agency Hindi-Sanskrit
082 ## - DEWEY DECIMAL CLASSIFICATION NUMBER
Classification number X.B
082 ## - DEWEY DECIMAL CLASSIFICATION NUMBER
Item number BORI-62979
100 ## - MAIN ENTRY--PERSONAL NAME
Personal name P. Gopaldasji Baraiyake
245 ## - TITLE STATEMENT
Title Sabhashyatattvarthadhigamasutra
260 ## - PUBLICATION, DISTRIBUTION, ETC. (IMPRINT)
Place of publication, distribution, etc Mumbai
260 ## - PUBLICATION, DISTRIBUTION, ETC. (IMPRINT)
Name of publisher, distributor, etc "Sheth Manilal, Revashankar Jagajivan Jauhari"
260 ## - PUBLICATION, DISTRIBUTION, ETC. (IMPRINT)
Date of publication, distribution, etc 1989
300 ## - PHYSICAL DESCRIPTION
Extent 476pp
300 ## - PHYSICAL DESCRIPTION
Dimensions C
300 ## - PHYSICAL DESCRIPTION
Accompanying material Hardbound
530 ## - ADDITIONAL PHYSICAL FORM AVAILABLE NOTE
Uniform Resource Identifier <a href="00013715.jpeg">00013715.jpeg</a>
563 ## - BINDING INFORMATION
Binding note Text
600 ## - SUBJECT ADDED ENTRY--PERSONAL NAME
Personal name P. Gopaldasji Baraiyake
630 ## - SUBJECT ADDED ENTRY--UNIFORM TITLE
Uniform title Sabhashyatattvarthadhigamasutra
650 ## - SUBJECT ADDED ENTRY--TOPICAL TERM
Topical term or geographic name as entry element Buddhism and Jainism
650 ## - SUBJECT ADDED ENTRY--TOPICAL TERM
Topical term or geographic name as entry element Jainism
700 ## - ADDED ENTRY--PERSONAL NAME
Personal name P. Gopaldasji Baraiyake
730 ## - ADDED ENTRY--UNIFORM TITLE
Uniform title Sabhashyatattvarthadhigamasutra
942 ## - ADDED ENTRY ELEMENTS (KOHA)
Koha item type Book
Holdings
Withdrawn status Lost status Damaged status Not for loan Home library Current library Date acquired Cost, normal purchase price Total Checkouts Full call number Barcode Date last seen Cost, replacement price Price effective from Koha item type
        Bhandarkar Oriental Research Institute, Pune Bhandarkar Oriental Research Institute, Pune 03/07/1990 3.00   BORI-62979 BORI-62979 10/27/2016 3.00 10/27/2016 Book